Public management reform: a comprehensive analysis.-- 2nd ed. (Record no. 55304)

MARC details
000 -LEADER
fixed length control field 00799nam a2200217 a 4500
008 - FIXED-LENGTH DATA ELEMENTS--GENERAL INFORMATION
fixed length control field 090319s2004 ||||||||||||||||| || u
020 ## - INTERNATIONAL STANDARD BOOK NUMBER
International Standard Book Number 0199268495
050 ## - LIBRARY OF CONGRESS CALL NUMBER
Classification number JF 1351 Pol
100 ## - MAIN ENTRY--PERSONAL NAME
Personal name Bouckaert, Geert
245 10 - TITLE STATEMENT
Title Public management reform: a comprehensive analysis.-- 2nd ed.
Statement of responsibility, etc. Christopher Pollitt and Geert Bouckaert
250 ## - EDITION STATEMENT
Edition statement 2nd ed.
260 ## - PUBLICATION, DISTRIBUTION, ETC.
Place of publication, distribution, etc. Oxford
Name of publisher, distributor, etc. Oxford University Press
Date of publication, distribution, etc. 2004
300 ## - PHYSICAL DESCRIPTION
Extent xiii, 345p.
350 ## - PRICE (NR) (BK AM CF MU VM SE) [OBSOLETE]
Price 0.00
650 ## - SUBJECT ADDED ENTRY--TOPICAL TERM
Topical term or geographic name entry element ADMINISTRATION
650 #0 - SUBJECT ADDED ENTRY--TOPICAL TERM
Topical term or geographic name entry element ORGANIZATIONAL CHANGE
650 ## - SUBJECT ADDED ENTRY--TOPICAL TERM
Topical term or geographic name entry element COMPARATIVE GOVERNMENT
650 ## - SUBJECT ADDED ENTRY--TOPICAL TERM
Topical term or geographic name entry element PUBLIC ADMINSTRATION
700 ## - ADDED ENTRY--PERSONAL NAME
Personal name Pollitt, Christopher
995 ## - RECOMMENDATION 995 [LOCAL, UNIMARC FRANCE]
-- 0.00
-- CBU-MAIN LIBRARY (Kitwe)
-- 1
-- 0.00
-- 1
-- AVAILABLE
-- Apr 6, 2009
-- Main Library Open Access Collection
Holdings
Withdrawn status Lost status Source of classification or shelving scheme Damaged status Not for loan Home library Current library Shelving location Date acquired Total Checkouts Full call number Barcode Date last seen Price effective from Koha item type
          CBU-MAIN LIBRARY, KITWE. CBU-MAIN LIBRARY, KITWE.   11/30/2022   JF 1351 Pol 739830 11/30/2022 11/30/2022 MONOGRAPH